Mechanical engineer's handbook / (Record no. 60865)

000 -LEADER
fixed length control field 01480cam a22003374a 4500
001 - CONTROL NUMBER
control field 12329856
003 - CONTROL NUMBER IDENTIFIER
control field NUST-PNEC
005 - DATE AND TIME OF LATEST TRANSACTION
control field 20170116180709.0
008 - FIXED-LENGTH DATA ELEMENTS--GENERAL INFORMATION
fixed length control field 010228s2001 caua bf 001 0 eng
010 ## - LIBRARY OF CONGRESS CONTROL NUMBER
LC control number 2001088196
020 ## - INTERNATIONAL STANDARD BOOK NUMBER
International Standard Book Number 012471370X
040 ## - CATALOGING SOURCE
Original cataloging agency DLC
Transcribing agency PNEC
Modifying agency DLC
042 ## - AUTHENTICATION CODE
Authentication code pcc
050 00 - LIBRARY OF CONGRESS CALL NUMBER
Classification number TJ151
Item number .M3953 2001
082 00 - DEWEY DECIMAL CLASSIFICATION NUMBER
Classification number 621.3 MAR
100 ## - MAIN ENTRY--PERSONAL NAME
9 (RLIN) 472
Personal name Marghitu Dan B.
245 00 - TITLE STATEMENT
Title Mechanical engineer's handbook /
Statement of responsibility, etc. edited by Dan B. Marghitu.
260 ## - PUBLICATION, DISTRIBUTION, ETC.
Place of publication, distribution, etc. San Diego, CA :
Name of publisher, distributor, etc. Academic Press,
Date of publication, distribution, etc. 2001.
300 ## - PHYSICAL DESCRIPTION
Extent xv, 864 p. :
Other physical details ill. ;
Dimensions 26 cm.
440 #0 - SERIES STATEMENT/ADDED ENTRY--TITLE
Title Academic Press series in engineering
500 ## - GENERAL NOTE
General note http://www.amazon.com/Mechanical-Engineers-Handbook-Engineering-Marghitu/dp/012471370X/ref=sr_1_2?s=books&ie=UTF8&qid=1412161654&sr=1-2&keywords=012471370x
504 ## - BIBLIOGRAPHY, ETC. NOTE
Bibliography, etc. note Includes bibliographical references and index.
650 #0 - SUBJECT ADDED ENTRY--TOPICAL TERM
Topical term or geographic name entry element Mechanical engineering
General subdivision Handbooks, manuals, etc. - ME
700 1# - ADDED ENTRY--PERSONAL NAME
Personal name Marghitu, Dan B.
856 42 - ELECTRONIC LOCATION AND ACCESS
Materials specified Publisher description
Uniform Resource Identifier <a href="http://www.loc.gov/catdir/description/els031/2001088196.html">http://www.loc.gov/catdir/description/els031/2001088196.html</a>
856 41 - ELECTRONIC LOCATION AND ACCESS
Materials specified Table of contents
Uniform Resource Identifier <a href="http://www.loc.gov/catdir/toc/els031/2001088196.html">http://www.loc.gov/catdir/toc/els031/2001088196.html</a>
856 42 - ELECTRONIC LOCATION AND ACCESS
Materials specified Book review (E-STREAMS)
Uniform Resource Identifier <a href="http://www.e-streams.com/es0507/es0507_1981.htm">http://www.e-streams.com/es0507/es0507_1981.htm</a>
906 ## - LOCAL DATA ELEMENT F, LDF (RLIN)
a 7
b cbc
c orignew
d 2
e epcn
f 20
g y-gencatlg
942 ## - ADDED ENTRY ELEMENTS (KOHA)
Source of classification or shelving scheme
Koha item type Book
Holdings
Withdrawn status Lost status Source of classification or shelving scheme Damaged status Not for loan Permanent Location Current Location Shelving location Date acquired Source of acquisition Cost, normal purchase price Total Checkouts Full call number Barcode Date last seen Cost, replacement price Price effective from Koha item type
          Pakistan Navy Engineering College (PNEC) Pakistan Navy Engineering College (PNEC) Reference 07/19/2005 Standard Books 2445.00   621.3 MAR PNECLIB-027487 10/01/2014 2445.00 07/19/2005 Book
          Pakistan Navy Engineering College (PNEC) Pakistan Navy Engineering College (PNEC)           621.3 MAR PNECLIB-029952 09/05/2015     Book
© 2023 Central Library, National University of Sciences and Technology. All Rights Reserved.